000 00310nam a22001337a 4500
008 170329b xxu||||| |||| 00| 0 eng d
020 _a9780781710107
041 _aeng
080 _23RD
_a616-053.2
100 _a8
101 _aSHM
245 _aPEDIATRIC PHYSICAL THERAPY
_cTECKLIN, J,.S
942 _2udc
_cBK
999 _c9018
_d9018